| 000 | 00466nam a22001817a 4500 | ||
|---|---|---|---|
| 003 | CEME | ||
| 005 | 20210628202723.0 | ||
| 008 | 210122b xxu||||| |||| 00| 0 eng d | ||
| 020 | _a1-85617-429-8 | ||
| 040 | _cceme | ||
| 082 | _a671.3703 GER | ||
| 100 |
_aGerman, Randall M _954811 |
||
| 245 | _aA-z of powder metallurgy | ||
| 260 |
_aNEW YORK _bELSEVIER _c2005 |
||
| 300 | _aXIII,276 P | ||
| 650 |
_aPOWDER METALLURGY - DICTIONARIES _961242 |
||
| 942 |
_cBK _2ddc |
||
| 999 |
_c570760 _d570760 |
||